Представление документа в формате RUSMARC

ПолеНазваниеЗначение
  Тип записи a
  Библиографический уровень a
001 Контрольный номер RU/УОНБ/EK_KRAY/320888569
005 Дата корректировки 20220418170855.0
100 Данные общей обработки __
a Данные общей обработки 20010920d2001 u u0rusy0103 ba
101 Язык документа 0_
a Язык текста rus
200 Заглавие и сведения об ответственности 1_
a Заглавие Об областном бюджете Ульяновской области на 2001 год
e Сведения, относящиеся к заглавию закон Ульяновской области
210 Выходные данные 1_
d Дата издания 2001
330 Аннотация __
a Аннотация Областной бюджет на 2001 г. Изм. от 27 апр. 2001 г.: Ульян. правда.- 2001.- 8 мая. Изм. от 26 июля: Ульян. правда.- 2001.- 11 авг.; Информ. бюл. Законодат. Собр. Ульян. обл.- 2001.- N 7.- С. 28. Изм. от 20 дек. 2001 г.: Информ. бюл. Законодат. Собр. Ульян. обл.- 2001.- N 12.- С. 13, 21. Изм. от 10 янв. 2002 г.: Информ. бюл. Законодат. Собр. Ульян. обл.- 2002.- N 1.- С. 16.
461 Уровень набора _0
1 2001
a Народная газета
463 Уровень физической единицы _0
1 2000
a 10 апр.; Ульян. правда.- 2001.-12 апр.
1 210
d 2001
610 Ключевые слова 0_
a Ключевые слова областной бюджет
686 Индексы других классификаций __
a Классификационный индекс 0Б(2...-4)
2 Код системы rubbk
801 Источник записи _0
a Страна RU
b Организация Ульяновская ОНБ
c Дата составления 20010920
g Правила каталогизации PSBO
801 Источник записи _1
a Страна RU
b Организация Ульяновская ОНБ
c Дата составления 20010920
901 Тип документа __
t Тип документа f
938 Служебная информация __
a Имя БД kraeved_work
b Имя библиотеки УОНБ
c Имя АИБС МАРК-SQL
d Номер DOC_ID в БД 32558